000
00242nam a2200097Ia 4500
082
_a
EF MABE
245
0
_a
Patient zero
100
_a
MABERRY, Jonathan London, 2009
_9
73345
942
_c
BK
008
210817s9999 xx 000 0 und d
999
_c
393146
_d
393145